| 000 | 00481nam a2200181Ia 4500 | ||
|---|---|---|---|
| 008 | 190717s9999 xx 000 0 und d | ||
| 100 | _aWakefield, Francis T. | ||
| 245 | _aPhilippine-Russia military exchanged training seen, says Lorenzana/ | ||
| 245 | _cFrancis T. Wakefield | ||
| 260 | _bManila Bulletin | ||
| 260 | _c2018 | ||
| 300 | _aAugust 24 | ||
| 440 | _aManila Bulletin | ||
| 650 | _aMilitary | ||
| 650 | _aPhilippines | ||
| 650 | _aRussia | ||
| 650 | _atraining | ||
| 999 |
_c361993 _d361993 |
||